<?xml version="1.0" encoding="UTF-8"?>
<record
    xmlns:xsi="http://www.w3.org/2001/XMLSchema-instance"
    xsi:schemaLocation="http://www.loc.gov/MARC21/slim http://www.loc.gov/standards/marcxml/schema/MARC21slim.xsd"
    xmlns="http://www.loc.gov/MARC21/slim">

  <leader>00983nam a22002417a 4500</leader>
  <controlfield tag="005">20170123164153.0</controlfield>
  <datafield tag="010" ind1=" " ind2=" ">
    <subfield code="a">B-095026</subfield>
  </datafield>
  <datafield tag="020" ind1=" " ind2=" ">
    <subfield code="c">100.00</subfield>
    <subfield code="a">8171433650</subfield>
  </datafield>
  <datafield tag="035" ind1=" " ind2=" ">
    <subfield code="a">B-095026</subfield>
  </datafield>
  <datafield tag="037" ind1=" " ind2=" ">
    <subfield code="b">Cen Lib / Ret</subfield>
  </datafield>
  <datafield tag="040" ind1=" " ind2=" ">
    <subfield code="a">DPL</subfield>
    <subfield code="b">PN</subfield>
  </datafield>
  <datafield tag="082" ind1=" " ind2=" ">
    <subfield code="a">853.08</subfield>
    <subfield code="b">&#xA17;&#xA41;&#xA30;&#xA1C;&#xA70;</subfield>
  </datafield>
  <datafield tag="100" ind1=" " ind2=" ">
    <subfield code="a">&#xA17;&#xA41;&#xA30;&#xA1C;&#xA70;&#xA1F; &#xA38;&#xA3F;&#xA70;&#xA18; </subfield>
    <subfield code="9">128526</subfield>
  </datafield>
  <datafield tag="245" ind1=" " ind2=" ">
    <subfield code="a">&#xA28;&#xA15;&#xA38;&#xA3C;&#xA26;&#xA40;&#xA2A; &#xA2A;&#xA70;&#xA1C;&#xA15;&#xA4B;&#xA39;&#xA3E; &#xA26;&#xA3E; &#xA28;&#xA3E;&#xA35;&#xA32;&#xA40; &#xA1C;&#xA17;&#xA24; /</subfield>
    <subfield code="c">&#xA17;&#xA41;&#xA30;&#xA1C;&#xA70;&#xA1F; &#xA38;&#xA3F;&#xA70;&#xA18; </subfield>
  </datafield>
  <datafield tag="246" ind1=" " ind2=" ">
    <subfield code="a">Nakashdeep panjkoha da naavali jagat /</subfield>
    <subfield code="b">by Gurjant Singh </subfield>
  </datafield>
  <datafield tag="260" ind1=" " ind2=" ">
    <subfield code="a">&#xA05;&#xA70;&#xA2E;&#xA4D;&#xA30;&#xA3F;&#xA24;&#xA38;&#xA30; </subfield>
    <subfield code="b">&#xA30;&#xA3E;&#xA35;&#xA40; &#xA38;&#xA3E;&#xA39;&#xA3F;&#xA24; &#xA2A;&#xA4D;&#xA30;&#xA15;&#xA3E;&#xA38;&#xA3C;&#xA28; </subfield>
    <subfield code="c">2004</subfield>
  </datafield>
  <datafield tag="270" ind1=" " ind2=" ">
    <subfield code="a">&#xA39;&#xA3E;&#xA32; &#xA2C;&#xA3E;&#xA1C;&#xA3C;&#xA3E;&#xA30; </subfield>
    <subfield code="b">&#xA05;&#xA70;&#xA2E;&#xA4D;&#xA30;&#xA3F;&#xA24;&#xA38;&#xA30; </subfield>
  </datafield>
  <datafield tag="300" ind1=" " ind2=" ">
    <subfield code="a">96p.</subfield>
    <subfield code="c">23cm(Hb)</subfield>
  </datafield>
  <datafield tag="650" ind1=" " ind2=" ">
    <subfield code="a">&#xA2A;&#xA70;&#xA1C;&#xA3E;&#xA2C;&#xA40; &#xA38;&#xA3E;&#xA39;&#xA3F;&#xA24;</subfield>
    <subfield code="v">&#xA06;&#xA32;&#xA4B;&#xA1A;&#xA28;&#xA3E; </subfield>
    <subfield code="9">128527</subfield>
  </datafield>
  <datafield tag="650" ind1=" " ind2=" ">
    <subfield code="a">Punjabi Literature</subfield>
    <subfield code="9">781</subfield>
  </datafield>
  <datafield tag="650" ind1=" " ind2=" ">
    <subfield code="a">Punjabi Literature </subfield>
    <subfield code="v">Biography </subfield>
    <subfield code="9">1698</subfield>
  </datafield>
  <datafield tag="942" ind1=" " ind2=" ">
    <subfield code="2">ddc</subfield>
    <subfield code="c">PN</subfield>
    <subfield code="h">853.08</subfield>
    <subfield code="m">&#xA17;&#xA41;&#xA30;&#xA1C;&#xA70;</subfield>
  </datafield>
  <datafield tag="999" ind1=" " ind2=" ">
    <subfield code="c">110477</subfield>
    <subfield code="d">110477</subfield>
  </datafield>
  <datafield tag="952" ind1=" " ind2=" ">
    <subfield code="0">0</subfield>
    <subfield code="1">0</subfield>
    <subfield code="4">0</subfield>
    <subfield code="7">0</subfield>
    <subfield code="a">L</subfield>
    <subfield code="b">L</subfield>
    <subfield code="d">2016-01-25</subfield>
    <subfield code="e">Cen Lib/Ret</subfield>
    <subfield code="g">100.00</subfield>
    <subfield code="l">0</subfield>
    <subfield code="o">853.08 &#xA17;&#xA41;&#xA30;&#xA1C;&#xA70;</subfield>
    <subfield code="p">B-095026</subfield>
    <subfield code="r">2016-01-25 00:00:00</subfield>
    <subfield code="t">1</subfield>
    <subfield code="v">100.00</subfield>
    <subfield code="w">2016-01-25</subfield>
    <subfield code="y">PN</subfield>
  </datafield>
</record>
